000 00549nam a22001931c 4500
001 00126907137
008 051003s1999 gw |||| 000u ger d
020 _a3525362439
_93-525-36243-9
041 _ager
100 1 _aGeyer, Dietrich
245 0 0 _aReußenkrone, Hakenkreuz und Roter Stern :
_bein autobiographischer Bericht /
_cDietrich Geyer
264 _aGöttingen :
_bVandenhoeck & Ruprecht,
_c1999
300 _a152 S.
600 0 _aGeyer, Dietrich
650 0 _aAutobiografie
942 _cMG
040 _cRU-10907106
003 RU-10907106
999 _c3825
_d3825